000 00329 a2200157 4500
001 72121
020 _a8506008824
040 _cAnchieta - Colégio São Paulo
100 _aStewart, Diana
240 1 0 _aOdisséia
_lpor
245 1 0 _aOdisséia
300 _a48
362 0 _a1981
650 4 _aLiteratura juvenil
942 _cBK
999 _c72121
_d72121